Cash flow statement-prehľad peňažných tokov

Základné pojmy v problematike peňažných tokov. Charakteristika prehľadu peňažných tokov. Peňažné toky z prevádzkovej činnosti a investičnej činnosti. Prehľad metód vykazovania peňažných tokov v jednotlivých činnostiach.

Guardado en:
Detalles Bibliográficos
Autor principal: Sklenka, Miloš
Formato: Capítulo de libro
Lenguaje:eslovaco
Materias:
Etiquetas: Agregar Etiqueta
Sin Etiquetas, Sea el primero en etiquetar este registro!

MARC

LEADER 00000naa$a2200000$$$4500
001 0052548
005 20240502071616.8
041 0 |a slo 
044 |a SK 
245 1 0 |a Cash flow statement-prehľad peňažných tokov  |c Miloš Sklenka 
520 |a Základné pojmy v problematike peňažných tokov. Charakteristika prehľadu peňažných tokov. Peňažné toky z prevádzkovej činnosti a investičnej činnosti. Prehľad metód vykazovania peňažných tokov v jednotlivých činnostiach. 
610 2 0 |a cash flow 
610 2 0 |a prostriedky peňažné 
610 2 0 |a metódy 
610 2 0 |a investovanie 
610 2 0 |a financovanie 
610 2 0 |a jednotka účtovná 
100 1 |a Sklenka, Miloš